| 000 | 01518nam a2200361 a 4500 | ||
|---|---|---|---|
| 001 | ebr10381185 | ||
| 003 | CaPaEBR | ||
| 006 | m u | ||
| 007 | cr cn||||||||| | ||
| 008 | 030122s2003 ilua sb 001 0 eng | ||
| 010 | _z 2003001355 | ||
| 020 | _z0226487229 (acid-free paper) | ||
| 020 | _z9780226487229 | ||
| 020 | _z9780226487243 (e-book) | ||
| 040 |
_aCaPaEBR _cCaPaEBR |
||
| 035 | _a(OCoLC)615635581 | ||
| 050 | 1 | 4 |
_aQ175.5 _b.L59 2003eb |
| 082 | 0 | 4 |
_a303.48/3 _221 |
| 100 | 1 |
_aLivingstone, David N., _d1953- |
|
| 245 | 1 | 0 |
_aPutting science in its place _h[electronic resource] : _bgeographies of scientific knowledge / _cDavid N. Livingstone. |
| 260 |
_aChicago : _bUniversity of Chicago Press, _cc2003. |
||
| 300 |
_axii, 234 p. : _bill. |
||
| 490 | 1 | _aScience.culture | |
| 504 | _aIncludes bibliographical references and index. | ||
| 505 | 0 | _aA geography of science? -- Site : venues of science -- Region : cultures of science -- Circulation : movements of science -- Putting science in its place. | |
| 533 |
_aElectronic reproduction. _bPalo Alto, Calif. : _cebrary, _d2013. _nAvailable via World Wide Web. _nAccess may be limited to ebrary affiliated libraries. |
||
| 650 | 0 |
_aScience _xSocial aspects. |
|
| 650 | 0 | _aScience and civilization. | |
| 655 | 7 |
_aElectronic books. _2local |
|
| 710 | 2 | _aebrary, Inc. | |
| 830 | 0 | _aScience.culture. | |
| 856 | 4 | 0 |
_uhttp://site.ebrary.com/lib/rucke/Doc?id=10381185 _zAn electronic book accessible through the World Wide Web; click to view |
| 999 |
_c206603 _d206603 |
||